000
00314nam a2200145Ia 4500
100
_a
Anderson/ LEAVER
650
_a
PRODUCTION
942
_c
BK
366
_f
25
245
_a
Materials Science For Engineers
260
_b
NELSON THRONES
_c
1990
082
_a
620.11/AND/LEA
300
_a
664
546
_a
ENGLISH
999
_c
22998
_d
22998